Dahomey = Dahomey /
Documental acerca del regreso a la República de Benin de 26 tesoros reales del Reino de Dahomey que fueron sustraídos durante el período colonial y que se regresaron gracias a una intensa campaña de repatriación. La película parte de este hecho para reflexionar sobre la restitución del patrimonio ar...
Salvato in:
| Autore principale: | |
|---|---|
| Altri autori: | , , , , |
| Natura: | |
| Lingua: | francese |
| Pubblicazione: |
Francia :
Les Films du Bal : Fanta Sy : Arte France,
2024, c2024
|
| Soggetti: | |
| Tags: |
Nessun Tag, puoi essere il primo ad aggiungerne!!
|
MARC
| LEADER | 00000ngm^a2200000^a^4500 | ||
|---|---|---|---|
| 001 | 000624301 | ||
| 005 | 20251112000000.0 | ||
| 009 | 20260310133953.811 | ||
| 037 | |a Acervo ITESO - Biblioteca | ||
| 041 | |a FRA | ||
| 082 | |a 719. 32096683 |b DIO | ||
| 100 | |a Diop, Mati |e (realización) | ||
| 245 | 1 | 0 | |a Dahomey = |b Dahomey / |c Realización de M. Diop. |
| 246 | 2 | |a Título en México: Dahomey | |
| 264 | 4 | |a Francia : |b Les Films du Bal : |b Fanta Sy : |b Arte France, |c 2024, c2024 | |
| 264 | 2 | |a Inglaterra : |b MUBI [distribución], |c 2025, c2025 | |
| 300 | |a 1 DVD región 2 PAL (68 min.) : |b color | ||
| 336 | |a imagen móvil bidimensional |b tdi |2 rdacontenido | ||
| 337 | |a video |b v |2 rdamedio | ||
| 338 | |a videodisco |b vd |2 rdasoporte | ||
| 520 | |a Documental acerca del regreso a la República de Benin de 26 tesoros reales del Reino de Dahomey que fueron sustraídos durante el período colonial y que se regresaron gracias a una intensa campaña de repatriación. La película parte de este hecho para reflexionar sobre la restitución del patrimonio artístico africano y de la importancia de los espacios de la cultura y el arte. | ||
| 546 | |a En francés, con subtítulos opcionales: español, alemán, inglés, italiano, portugués, turco | ||
| 649 | |a XX | ||
| 650 | |a Documentales | ||
| 650 | |a Cine en Francés - |z Senegal | ||
| 650 | |a Cine Senegalés - |y 2020-2029 | ||
| 650 | |a Cine Senegalés - |y Siglo XXI | ||
| 650 | |a Repatriación - |z Benin | ||
| 650 | |a Valoración Patrimonial e Histórica - |z Benin - |x Tema Principal | ||
| 650 | |a Robo y Tráfico de Arte - |z Benin | ||
| 650 | |a Arte Beninés - |x Historia y Crítica - |x Tema Principal | ||
| 650 | |a Arte Africano - |x Historia y Crítica | ||
| 700 | |a Diop, Mati |e (guión) | ||
| 700 | |a Drouin-Viallard, Joséphine |e (fotógrafo) | ||
| 700 | |a González, Gabriel |e (montaje) | ||
| 700 | |a Badarou, Wally |e (música) | ||
| 700 | |a Blunt, Dean |e (música) | ||
| 910 | |a Fondo General | ||
| 920 | |a Audiovisuales - DVDs | ||
| 940 | |a Películas | ||
| 905 | |a 308 | ||
| 901 | |a 624318-10 |b IT2 |c DVR |i C190940 |u 20251112 | ||
| 902 | |a https://opac.biblio.iteso.mx/vufind/Record/000624301 | ||